Résultat du 1er tour des élections législatives françaises de 2024 - Statistiques

Statistiques générales
  • Ce quiz a été pris 73 fois
  • Le résultat moyen est 10 sur 22
Statistiques - réponses
Pourcentage des inscrits Pourcentage des votants Liste des nuances/partis Positionnement politique % Correct
19,01% 29,26% RN - Rassemblement national Extrême-droite
100%
4,27% 6,57% LR - Les Républicains Droite
90%
0,48% 0,75% REC - Reconquête! Extrême-droite
84%
13,03% 20,04% ENS - Ensemble ! Centre à droite
79%
18,23% 28,06% UG - Union de la gauche Centre-gauche à gauche
76%
0,02% 0,04% LFI - La France insoumise hors NFP Gauche
65%
0,06% 0,09% SOC - Parti socialiste hors NFP Centre-gauche à gauche
65%
0,74% 1,14% EXG - Extrême-gauche Extrême-gauche
52%
0,47% 0,72% HOR - Horizons Centre-droit à droite
51%
0,01% 0,01% COM - Parti Communiste français hors NFP Gauche
43%
2,57% 3,96% UXD - Union de l'extrême-droite Extrême-droite
35%
0,01% 0,01% VEC - Les Écologistes hors NFP Centre-gauche à gauche
35%
2,34% 3,60% DVD - Divers droite Centre-droit à droite
32%
1,00% 1,53% DVG - Divers gauche Centre-gauche à gauche
32%
0,37% 0,57% ECO - Écologistes Centre-droit à gauche
32%
0,33% 0,51% UDI - Union des Démocrates et Indépendants Centre droit
32%
0,29% 0,45% DIV - Divers Divers
21%
0,79% 1,22% DVC - Divers centre Centre
21%
0,63% 0,97% REG - Régionalistes Droite à gauche
21%
0,03% 0;04% PRG - Parti Radical de gauche Centre-gauche
19%
0,12% 0,19% EXD - Extrême-droite Extrême-droite
10%
0,18% 0,28% DSV - Droite souverainiste Droite à extrême-droite
5%
Aucun quiz correspondant
Distribution des résultats
% des personnes avec chaque résultat
Percentile par nombre de réponses
Votre historique - résultats
Vous n’avez pas pris ce quiz